000 00369nam a2200145Ia 4500
008 221007s9999 xx 000 0 und d
041 _aeng
082 _bSHI
100 _aShinde Trupti
_9102113
245 _aMIS & ITS Application to Financial Statements
260 _c2006
_bPune University
_aPune
300 _a63p
520 _aAbhyankar Hemant
906 _bGeneral
999 _c69271
_d69271